Histoire de saint Ignace de Loyola et de l'origine de la Compagnie de Jésus, d'après les monumens originaux

Detalles Bibliográficos
Autor principal: Bartoli, Daniello 1608-1685
Formato: Libro
Lenguaje:French
Publicado: a Paris 1845
Edición:Deuxième édition
Materias:
Colección:Banco de datos
Acervo:Biblioteca de la Congregación del Oratorio de San Felipe Neri de México. Iglesia La Profesa
Descripción Física:2 t. 17 cm.
Tema general:Hagiografía
Religiosos
Jesuitas
Notas:Encuadernación en cartón con lomo en piel. Sello en tinta del Oratorio de San Felipe Neri de México. Biblioteca La Profesa, D.F.
LEADER 01041nam a22002170004500
035 |a 551 
041 0 |a fre 
100 1 |a Bartoli, Daniello  |d 1608-1685 
245 1 0 |a Histoire de saint Ignace de Loyola et de l'origine de la Compagnie de Jésus, d'après les monumens originaux  |c par le R. P. Daniel Bartoli, jésuite, traduite de l'italien & augmentée de nouveaux documents. A. M. D. G. 
250 |a Deuxième édition 
260 |a a Paris  |b A. Vaton, lib-édit., a Versailles  |b Dufaure, lib. édit. ; a Bruxelles  |b chez M. me V. e Vanderborght, libraire  |c 1845 
300 |a 2 t.  |c 17 cm. 
500 |a Encuadernación en cartón con lomo en piel. Sello en tinta del Oratorio de San Felipe Neri de México. Biblioteca La Profesa, D.F. 
504 |a Índice de materias 
650 1 0 |a Hagiografía 
650 1 0 |a Religiosos 
650 1 0 |a Jesuitas 
949 |a Iglesia La Profesa, Biblioteca t. 2 (691) 
942 |c PROFESA 
943 |g Biblioteca de la Congregación del Oratorio de San Felipe Neri de México. Iglesia La Profesa 
999 |c 947362  |d 947362